| 000 | 00990nam a2200313 i 4500 | ||
|---|---|---|---|
| 001 | 000011837 | ||
| 003 | DO-SdBNP | ||
| 005 | 20250808101133.0 | ||
| 007 | ta | ||
| 008 | 091028s1980 dr 000 f spa d | ||
| 040 |
_aDO-SdBNP _bspa _cBNPHU _erda |
||
| 041 | _asp | ||
| 082 | 4 |
_aRD863.44 _bC322e, 1980 _222 |
|
| 100 | 1 |
_aCartagena Portalatín, Aída, _d1918-1994 _eautora _923557 |
|
| 245 | 1 | 0 |
_aEscalera para Electra / _cAída Cartagena Portalatín. |
| 250 | _aSegunda edición | ||
| 264 |
_aSanto Domingo : _bTaller, _c1980. |
||
| 300 |
_a188 páginas ; _c21 cm. |
||
| 336 |
_2rdacontent _atexto _btxt |
||
| 337 |
_2rdamedia _asin mediación _bn |
||
| 338 |
_2rdacarrier _avolumen _bnc |
||
| 490 |
_aMontesinos _v1 |
||
| 500 | _aIncluye datos biográficos de la autora en la contracubierta. | ||
| 590 | _aInventariado, 2020/VM | ||
| 650 | 0 |
_aNovela dominicana _9223 |
|
| 650 | 0 |
_aLiteratura dominicana. _967 |
|
| 910 | _aValidado. Control de calidad MMOLINA | ||
| 942 |
_2ddc _cLBS1 |
||
| 999 |
_c11511 _d11511 |
||